The information process: world news reporting to the twentieth century / (Record no. 117259)
[ view plain ]
| 000 -LEADER | |
|---|---|
| fixed length control field | 00554cam a2200157 4500 |
| 008 - FIXED-LENGTH DATA ELEMENTS--GENERAL INFORMATION | |
| fixed length control field | 120305n 000 0 eng u |
| 020 ## - INTERNATIONAL STANDARD BOOK NUMBER | |
| International Standard Book Number | 0877450706 |
| 035 ## - SYSTEM CONTROL NUMBER | |
| System control number | (Sirsi) a175660 |
| 050 ## - LIBRARY OF CONGRESS CALL NUMBER | |
| Classification number | PN 4801 DES 1978 |
| 100 ## - MAIN ENTRY--PERSONAL NAME | |
| Personal name | Desmond, Robert W. |
| 245 ## - TITLE STATEMENT | |
| Title | The information process: world news reporting to the twentieth century / |
| Statement of responsibility, etc. | by Robert W. Desmond |
| 260 ## - PUBLICATION, DISTRIBUTION, ETC. | |
| Place of publication, distribution, etc. | Iowa City: |
| Name of publisher, distributor, etc. | University of Iowa Press, |
| Date of publication, distribution, etc. | 1978. |
| 300 ## - PHYSICAL DESCRIPTION | |
| Extent | xiv, 495p. |
| 504 ## - BIBLIOGRAPHY, ETC. NOTE | |
| Bibliography, etc. note | Includes bibliographical references and index. |
| 650 ## - SUBJECT ADDED ENTRY--TOPICAL TERM | |
| Topical term or geographic name entry element | Information process -- New reporting |
No items available.